000 00276nam a2200097Ia 4500
008 240331s9999 xx 000 0 und d
082 _bREP
100 _aBoswell, D. ed.
245 0 _aRepresenting the Nation :
_bA reader, Histories, heritage and museand Museums reader
942 _cL
999 _c3397
_d3397